000 02409nam a2200277Ia 4500
999 _c45478
_d45478
001 12303
003 GE_BSU
005 20240709120308.0
008 181216s2013||||ge |||||||||||||| ||geo||
040 _cGE_BSU
041 _ageo
080 _a821.353.1-3 შ-47
245 _a შემოდგომის ლეგენდა 2009: აღმოაჩინე იყალთო შენში: ახალი სახეები, ახალი სახელები, შენი ხელწერა: სტუდენტური ლიტერატურული კონკურსი: 5 წლის საიუბილეო გამოცემა (2009-2013 /
_cსალომე მხეიძე, დავით გორგილაძე, მარიამ ტაბაღუა ; იდეის ავტორი ნინო კალანდია ; რედაქტორი ქეთევან გაბოშვილი.
264 _aთბილისი :
_bთსუ,
_c2013.
300 _a24 გვ. :
_bილ. ;
_c20 სმ.
500 _aივანე ჯავახიშვილის სახელობის თბილისის სახელმწიფო უნივერსიტეტისა და კომპანია "ჯეოსელის" ერთობლივი პროექტი
520 _aივ.ჯავახიშვილის სახ.თბილისის სახ.უნ-ტის და კომპანია ჯეოსელის ერთობლივი პროექტი.სტუდენტური ლიტ-ული კონკურსი შემოდგომის ლეგენდა 5წ. საუბილეიო გამოცემა 2009-2013.
653 _aშემოდგომის ლეგენდა 2009
653 _a პაემანი
700 _aმხეიძე, სალომე
_eავტორი
_922774
700 _aგორგილაძე, დავით
_eავტორი
_922775
700 _aტაბაღუა, მარიამ
_eავტორი
_922776
700 _aკალანდია, ნინო
_e იდეის ავტორი
_912723
700 _aგაბოშვილი, ქეთევან
_eრედაქტორი
_922777
942 _cBK
_2udc